Harf Harf Haqeeqat ( حرف حرف حقیقت ) / (Record no. 591907)
[ view plain ]
| 000 -LEADER | |
|---|---|
| fixed length control field | 00384nam a22001337a 4500 |
| 003 - CONTROL NUMBER IDENTIFIER | |
| control field | NUST |
| 082 ## - DEWEY DECIMAL CLASSIFICATION NUMBER | |
| Classification number | 891.4393,WAS |
| 100 ## - MAIN ENTRY--PERSONAL NAME | |
| Personal name | Wasif, Wasif Ali |
| 9 (RLIN) | 15769 |
| 245 ## - TITLE STATEMENT | |
| Title | Harf Harf Haqeeqat ( حرف حرف حقیقت ) / |
| Statement of responsibility, etc. | Wasif Ali Wasif, |
| 260 ## - PUBLICATION, DISTRIBUTION, ETC. | |
| Linkage | Kashif Ali Publication |
| Name of publisher, distributor, etc. | Lahore |
| Date of publication, distribution, etc. | 2019 |
| 300 ## - PHYSICAL DESCRIPTION | |
| Extent | 176 p.: |
| 610 ## - SUBJECT ADDED ENTRY--CORPORATE NAME | |
| Corporate name or jurisdiction name as entry element | Urdu Literature |
| 9 (RLIN) | 100726 |
| 942 ## - ADDED ENTRY ELEMENTS (KOHA) | |
| Source of classification or shelving scheme | |
| Koha item type | Book |
| Call number prefix | 891.4393,WAS |
| Withdrawn status | Lost status | Source of classification or shelving scheme | Damaged status | Not for loan | Permanent Location | Current Location | Shelving location | Date acquired | Shelving control number | Total Checkouts | Full call number | Barcode | Date last seen | Date last checked out | Price effective from | Koha item type | Public note |
|---|---|---|---|---|---|---|---|---|---|---|---|---|---|---|---|---|---|
| Military College of Signals (MCS) | Military College of Signals (MCS) | General Stacks | 10/19/2022 | Urdu Literature | 1 | 891.4393,WAS | MCS38421 | 03/30/2023 | 03/17/2023 | 10/19/2022 | Book | Almirah Fresh No.45, Shelf No.6 |
